[Event "European Blitz 2022"]
[Site "Katowice POL"]
[Date "2022.12.16"]
[Round "17.60"]
[White "Madan, Augustin"]
[Black "Strejczek, Dariusz"]
[Result "1-0"]
[WhiteTitle "IM"]
[WhiteElo "2292"]
[BlackElo "2149"]
[WhiteFideId "1210327"]
[BlackFideId "1122142"]
[EventDate "2022.12.16"]

1. d4 Nf6 2. Nf3 g6 3. c4 Bg7 4. g3 O-O 5. Bg2 d6 6. O-O Nbd7 7. Nc3 e5 8. d5 a6
9. b3 Qe7 10. Bb2 Nh5 11. e4 Nc5 12. b4 Nd7 13. Ne1 Nb6 14. Qb3 f5 15. exf5 gxf5
16. Rc1 Kh8 17. a4 Nd7 18. a5 Ndf6 19. Na4 f4 20. c5 Bf5 21. cxd6 cxd6 22. Nb6
Rae8 23. h3 fxg3 24. fxg3 Be4 25. Qe3 Bxg2 26. Nxg2 Rf7 27. g4 Nf4 28. Nxf4 exf4
29. Qxe7 Rfxe7 30. Rxf4 Ne4 31. Bxg7+ Kxg7 32. Re1 Nc3 33. Rxe7+ Rxe7 34. Rc4
Nd1 35. Rc8 Re1+ 36. Kg2 Re2+ 37. Kf3 Rf2+ 38. Kg3 Rb2 39. Rc7+ Kg6 40. Rxb7
Rb3+ 41. Kg2 Rxb4 42. Rd7 Ne3+ 43. Kf3 Rb3 44. Rxd6+ Kg5 45. Ke2 Ng2 46. Rd8
Nf4+ 47. Kd2 Rxh3 48. d6 Rd3+ 49. Kc2 Kxg4 50. d7 h5 51. Rg8+ Kf3 52. d8=Q Rxd8
53. Rxd8 h4 54. Nd5 Ne2 55. Kd2 Ng3 56. Rf8+ Kg2 57. Nf4+ Kg1 58. Ne2+ Kh2 59.
Nxg3 Kxg3 60. Ke2 h3 61. Rg8+ Kh2 62. Kf2 Kh1 63. Rc8 1-0

[Event "European Blitz 2022"]
[Site "Katowice POL"]
[Date "2022.12.16"]
[Round "17.61"]
[White "Stevanic, David"]
[Black "Mis, Mieszko"]
[Result "0-1"]
[WhiteTitle "FM"]
[BlackTitle "FM"]
[WhiteElo "2249"]
[BlackElo "2389"]
[WhiteFideId "14613921"]
[BlackFideId "1196448"]
[EventDate "2022.12.16"]

1. e4 d5 2. exd5 Qxd5 3. Nc3 Qa5 4. d4 Nf6 5. Bc4 Nc6 6. d5 Ne5 7. Bb3 Bf5 8.
Qe2 Ne4 9. Qb5+ Qxb5 10. Nxb5 Kd8 11. Bf4 f6 12. Nd4 Bd7 13. Bxe5 fxe5 14. Ndf3
Be8 15. Nxe5 g5 16. f3 Bg7 17. Nd3 Nd6 18. O-O-O a5 19. a4 b5 20. axb5 a4 21.
Ba2 Bxb5 22. Nc5 Kc8 23. Ne6 Bf6 24. Nd4 Bc4 25. Bxc4 Nxc4 26. Nge2 a3 27. bxa3
Rxa3 28. Nb3 Kd7 29. Ned4 Rha8 30. c3 Bxd4 31. Nxd4 Rxc3+ 32. Kb1 Rb8+ 0-1

[Event "European Blitz 2022"]
[Site "Katowice POL"]
[Date "2022.12.16"]
[Round "17.62"]
[White "Cukrowski, Filip"]
[Black "Maslanka, Wojciech"]
[Result "1-0"]
[WhiteTitle "FM"]
[WhiteElo "2402"]
[BlackElo "2103"]
[WhiteFideId "1171097"]
[BlackFideId "21846960"]
[EventDate "2022.12.16"]

1. d4 Nf6 2. c4 g6 3. Nc3 Bg7 4. e4 d6 5. Nf3 O-O 6. Be2 e5 7. O-O exd4 8. Nxd4
Nc6 9. Be3 a6 10. f3 Bd7 11. Qd2 Nxd4 12. Bxd4 Qe7 13. Rfe1 Rfe8 14. Bf1 Be6 15.
Rac1 Nd7 16. Be3 Ne5 17. b3 Rad8 18. h3 Qh4 19. f4 Nc6 20. f5 gxf5 21. Bg5 Bxc3
22. Rxc3 Qh5 23. Rg3 Kf8 24. Be2 1-0

[Event "European Blitz 2022"]
[Site "Katowice POL"]
[Date "2022.12.16"]
[Round "17.63"]
[White "Bazakutsa, Svyatoslav"]
[Black "Dragicevic, Drazen"]
[Result "1-0"]
[BlackTitle "FM"]
[WhiteElo "2318"]
[BlackElo "2345"]
[WhiteFideId "14198525"]
[BlackFideId "1707922"]
[EventDate "2022.12.16"]

1. c4 Nf6 2. Nc3 g6 3. e4 d6 4. d4 Bg7 5. h3 O-O 6. Be3 a6 7. Nf3 c6 8. Bd3 b5
9. Qc2 Bb7 10. O-O Nbd7 11. Rfd1 Qc7 12. Rac1 Rfc8 13. Qb1 Qb8 14. b3 bxc4 15.
Bxc4 a5 16. Na4 Ba6 17. Bxa6 Rxa6 18. Qd3 Ra8 19. e5 Nd5 20. exd6 exd6 21. Bd2
Qb5 22. Qb1 N7b6 23. Nxb6 Qxb6 24. Qc2 Qa6 25. Re1 a4 26. b4 a3 27. Qb3 Qa4 28.
Qxa4 Rxa4 29. b5 c5 30. dxc5 dxc5 31. Rxc5 Raa8 32. Rxd5 Rc2 33. b6 Rxa2 34. b7
Rb8 35. Bf4 Rb2 36. Bxb8 Rxb7 37. Rd8+ Bf8 38. Bd6 h5 39. Bxf8 Kh7 40. Ng5+ 1-0

[Event "European Blitz 2022"]
[Site "Katowice POL"]
[Date "2022.12.16"]
[Round "17.64"]
[White "Bartel, Michal"]
[Black "Jarocka, Liwia"]
[Result "1-0"]
[WhiteTitle "FM"]
[BlackTitle "FM"]
[WhiteElo "2250"]
[BlackElo "2143"]
[WhiteFideId "1119257"]
[BlackFideId "21807558"]
[EventDate "2022.12.16"]

1. e4 c5 2. Ne2 d6 3. g3 Nc6 4. Bg2 g6 5. c3 e5 6. d3 Bg7 7. Be3 Nge7 8. O-O O-O
9. Nd2 b6 10. f4 exf4 11. Nxf4 Ne5 12. Nf3 Bb7 13. h3 Nxf3+ 14. Qxf3 Qd7 15. g4
Rad8 16. d4 cxd4 17. cxd4 Qa4 18. b3 Qb4 19. Rad1 Kh8 20. Qg3 Qa5 21. Rf2 Ng8
22. g5 f6 23. Ne6 Rfe8 24. Nxd8 Rxd8 25. h4 Re8 26. d5 fxg5 27. hxg5 Qc3 28. Bf4
Qc5 29. Bxd6 Qc8 30. e5 Qd8 31. e6 Ne7 32. Bc7 Qa8 33. d6 Nf5 34. Rxf5 gxf5 35.
d7 1-0

[Event "European Blitz 2022"]
[Site "Katowice POL"]
[Date "2022.12.16"]
[Round "17.66"]
[White "Adamczewski, Maciej"]
[Black "Arkell, Keith C"]
[Result "1/2-1/2"]
[BlackTitle "GM"]
[WhiteElo "2071"]
[BlackElo "2406"]
[WhiteFideId "1148702"]
[BlackFideId "400270"]
[EventDate "2022.12.16"]

1. d4 e6 2. c4 Bb4+ 3. Bd2 Bxd2+ 4. Qxd2 Nf6 5. Nc3 d6 6. g3 Qe7 7. Bg2 e5 8.
Nf3 O-O 9. O-O c6 10. dxe5 dxe5 11. Rfd1 Bg4 12. Ng5 Nbd7 13. Nge4 Rfd8 14. Qc2
Nc5 15. Nxc5 Qxc5 16. b3 h6 17. Ne4 Qe7 18. Rxd8+ Rxd8 19. Rd1 Rd4 20. Nxf6+
Qxf6 21. Rxd4 exd4 22. Qe4 Bf5 23. Qe8+ Kh7 24. Be4 c5 25. Bxb7 d3 26. exd3 Bh3
27. Qe1 Qb2 28. Bg2 Bxg2 29. Kxg2 Qxa2 30. Qe4+ g6 31. Qe7 Kg8 32. Qxc5 Qxb3 33.
d4 Qd3 34. Qd5 a5 35. c5 a4 36. c6 Qc2 37. Qf3 Kg7 38. d5 Qc5 39. Qd3 a3 40. Qb3
Qa5 41. Qa2 Qc5 42. h3 Kf6 43. Qb3 Ke7 44. Qb7+ Kf6 45. Qd7 a2 46. c7 a1=Q 47.
c8=Q Qxc8 48. Qxc8 Qe5 49. Qc6+ Ke7 50. Qb7+ Kf6 51. Qc6+ Ke7 52. Qb7+ Kf6 53.
Qc6+ Ke7 54. Qc4 Kd6 55. Qc6+ Ke7 1/2-1/2

[Event "European Blitz 2022"]
[Site "Katowice POL"]
[Date "2022.12.16"]
[Round "17.67"]
[White "Asllani, Muhamet"]
[Black "Krivenko, Dion"]
[Result "1/2-1/2"]
[WhiteElo "2228"]
[BlackElo "2141"]
[WhiteFideId "22100300"]
[BlackFideId "4508378"]
[EventDate "2022.12.16"]

1. e4 c5 2. Nf3 d6 3. d4 cxd4 4. Nxd4 Nf6 5. Nc3 g6 6. Bg5 Bg7 7. Bc4 O-O 8. O-O
Nc6 9. Nxc6 bxc6 10. Bb3 h6 11. Be3 Ng4 12. Bf4 a5 13. h3 Ne5 14. Qd2 Kh7 15.
Bg3 Ba6 16. Rfe1 Nc4 17. Qc1 Nb6 18. e5 Bc4 19. Qd2 a4 20. Nxa4 Nxa4 21. Bxc4
Nxb2 22. Bb3 Na4 23. exd6 exd6 24. Rad1 d5 25. Be5 Bxe5 26. Rxe5 Nc5 27. Rde1
Ne4 28. Qf4 Kg7 29. c4 Qf6 30. Qxf6+ Kxf6 31. f4 Nc5 32. cxd5 Nxb3 33. axb3 cxd5
34. Rxd5 Rab8 35. Re3 Rb4 36. Rd6+ Kg7 37. f5 gxf5 38. Rg3+ Kh7 39. Rf6 f4 40.
Rg4 Rxb3 41. Rgxf4 Kg7 42. R6f5 Rb6 43. Kh2 Rg6 44. Rb5 Rf6 45. Rg4+ Rg6 46. Re4
Rd8 47. Rb2 Rd5 48. Re7 Rf5 49. Rbe2 Rff6 50. g4 Rf3 51. Kg2 Rff6 52. R7e5 Ra6
53. R2e3 Rgf6 54. Kg3 Ra1 55. Re1 Rxe1 56. Rxe1 Ra6 57. Kh4 Ra5 58. Re7 Kg6 59.
Rb7 Ra6 1/2-1/2

[Event "European Blitz 2022"]
[Site "Katowice POL"]
[Date "2022.12.16"]
[Round "17.68"]
[White "Uruci, Endrit"]
[Black "Triadu Cassa, Jordi"]
[Result "1-0"]
[WhiteTitle "FM"]
[BlackTitle "CM"]
[WhiteElo "2297"]
[BlackElo "2195"]
[WhiteFideId "22100199"]
[BlackFideId "2241927"]
[EventDate "2022.12.16"]

1. e4 e5 2. Nf3 Nc6 3. Bb5 a6 4. Bxc6 dxc6 5. d3 f6 6. O-O Bg4 7. Be3 Qd7 8. a4
O-O-O 9. Nbd2 g5 10. Qb1 c5 11. Qd1 h5 12. Nb3 Qc6 13. Na5 Qe6 14. Qe2 h4 15. h3
Bxf3 16. Qxf3 Nh6 17. Nb3 g4 18. hxg4 Nxg4 19. Bxc5 h3 20. Bxf8 Rdxf8 21. Nc5
Qg8 22. Qf5+ Kb8 23. Nd7+ Ka8 24. Nxf8 hxg2 25. Ng6 gxf1=Q+ 26. Kxf1 Rh1+ 27.
Kg2 Rxa1 28. Qxg4 Rxa4 29. Qf5 Ra1 30. Qxf6 Qa2 31. Qxe5 Qb1 32. Qh8+ Ka7 33.
Qd4+ b6 34. Qg7 Qh1+ 35. Kg3 Rg1+ 36. Kf4 Qh2+ 37. Ke3 Qh3+ 38. Kd4 Qg4 39.
Qxc7+ Ka8 40. Qd8+ Ka7 41. Qe7+ Ka8 42. Ne5 Qg2 43. Qd8+ Kb7 44. Qd7+ Ka8 45.
Qc8+ Ka7 46. Nc6# 1-0

[Event "European Blitz 2022"]
[Site "Katowice POL"]
[Date "2022.12.16"]
[Round "17.69"]
[White "Kubicka, Anna"]
[Black "Gunnarsson, Arnar"]
[Result "0-1"]
[WhiteTitle "WIM"]
[BlackTitle "IM"]
[WhiteElo "2217"]
[BlackElo "2406"]
[WhiteFideId "1152254"]
[BlackFideId "2300915"]
[EventDate "2022.12.16"]

1. e4 e5 2. Nf3 d5 3. exd5 Bd6 4. Nc3 f5 5. Bb5+ Bd7 6. Qe2 Qe7 7. d3 Nf6 8. Bg5
O-O 9. O-O h6 10. Bxf6 Qxf6 11. Bxd7 Nxd7 12. Nb5 g5 13. Nxd6 cxd6 14. Nd2 Rae8
15. f3 e4 16. fxe4 Qxb2 17. Nb3 fxe4 18. dxe4 Ne5 19. h3 a5 20. a4 Rc8 21. Rxf8+
Rxf8 22. Rf1 Rf4 23. Rxf4 gxf4 24. Qd2 Kg7 25. Kf2 Qa2 26. Nd4 Qxa4 27. Ne6+ Kh7
28. Qxf4 Qxc2+ 29. Kg3 Qc8 30. Qf5+ Kg8 31. Qf6 Qc3+ 32. Kh2 Ng4+ 0-1

[Event "European Blitz 2022"]
[Site "Katowice POL"]
[Date "2022.12.16"]
[Round "17.70"]
[White "Larkin, Vladyslav"]
[Black "Lucchi, Lorenzo"]
[Result "1-0"]
[WhiteTitle "IM"]
[WhiteElo "2452"]
[BlackElo "2084"]
[WhiteFideId "14152894"]
[BlackFideId "821160"]
[EventDate "2022.12.16"]

1. e4 e5 2. Nf3 Nc6 3. Bb5 a6 4. Ba4 Nf6 5. O-O b5 6. Bb3 Be7 7. Re1 O-O 8. a4
Bb7 9. d3 d6 10. Nc3 b4 11. Ne2 Na5 12. Ba2 c5 13. c3 Rb8 14. Ng3 b3 15. Bb1 d5
16. exd5 Nxd5 17. Nxe5 Bd6 18. Nc4 Nxc4 19. dxc4 Nf4 20. Be4 Qc7 21. Qg4 Bxe4
22. Rxe4 Ng6 23. Be3 Rbd8 24. Qf5 Rd7 25. Rg4 Rfd8 26. h4 Bxg3 27. fxg3 Rd1+ 28.
Rxd1 Rxd1+ 29. Kh2 Qe7 30. Bxc5 Qe6 31. Re4 Qc6 32. h5 Nf8 33. Re7 Qf6 34. Qxf6
gxf6 35. Re8 h6 36. Rxf8+ Kg7 37. Rb8 1-0

[Event "European Blitz 2022"]
[Site "Katowice POL"]
[Date "2022.12.16"]
[Round "17.71"]
[White "Barski, Radoslaw"]
[Black "Jaskolka, Tomasz"]
[Result "0-1"]
[WhiteTitle "IM"]
[BlackTitle "CM"]
[WhiteElo "2441"]
[BlackElo "2188"]
[WhiteFideId "1131710"]
[BlackFideId "1170791"]
[EventDate "2022.12.16"]

1. e4 c5 2. Nf3 e6 3. d4 cxd4 4. Nxd4 Nc6 5. Nc3 Qc7 6. Be3 a6 7. a3 b5 8. Nxc6
Qxc6 9. Be2 Bb7 10. O-O Bc5 11. Bd4 Nf6 12. Bf3 Bxd4 13. Qxd4 Qc7 14. e5 Bxf3
15. exf6 Bc6 16. fxg7 Rg8 17. Ne4 Bxe4 18. Qxe4 Qc6 19. Qxh7 O-O-O 20. Rae1 f5
21. Re3 Kb7 22. Rc3 Qd6 23. Qh6 Qe5 24. Qh5 Rxg7 25. Qf3+ Kb8 26. Rd1 Rdg8 27.
g3 d5 28. Re3 Qd6 29. Rde1 Rg6 30. Kf1 Re8 31. Re5 Reg8 32. c3 Qc6 33. Qe2 d4
34. Rxe6 Qh1# 0-1

[Event "European Blitz 2022"]
[Site "Katowice POL"]
[Date "2022.12.16"]
[Round "17.72"]
[White "Kacprzak, Karol"]
[Black "Redzisz, Michal"]
[Result "0-1"]
[BlackTitle "FM"]
[WhiteElo "2226"]
[BlackElo "2260"]
[WhiteFideId "21819327"]
[BlackFideId "21816107"]
[EventDate "2022.12.16"]

1. e4 c6 2. d4 d5 3. e5 c5 4. dxc5 e6 5. Nf3 Bxc5 6. Bd3 Nc6 7. O-O Nge7 8. Bf4
Ng6 9. Bg3 O-O 10. Nbd2 f5 11. exf6 Qxf6 12. Nb3 Bb6 13. c3 Nf4 14. Bb5 Ne7 15.
Qe1 Neg6 16. Bxf4 Qxf4 17. Nc1 Qg4 18. h3 Qf5 19. Bd3 Qf6 20. Bxg6 Qxg6 21. Qe2
Qf6 22. Nd3 Bd7 23. a4 Rae8 24. Nfe5 Bc8 25. Kh1 d4 26. c4 Qe7 27. b4 Bd7 28. a5
Bc7 29. f4 Rf6 30. Rae1 Ref8 31. Qe4 Bxe5 32. Nxe5 Bc6 33. Qxd4 Qxb4 34. Nxc6
bxc6 35. Qxa7 Rxf4 36. Rxf4 Qxe1+ 37. Kh2 Rxf4 38. Qb8+ Rf8 39. Qd6 Qe3 40. a6
Qf4+ 41. Qxf4 Rxf4 0-1

[Event "European Blitz 2022"]
[Site "Katowice POL"]
[Date "2022.12.16"]
[Round "17.73"]
[White "D'Costa, Lorin"]
[Black "Herega, Nejc"]
[Result "1-0"]
[WhiteTitle "IM"]
[WhiteElo "2375"]
[BlackElo "2164"]
[WhiteFideId "409219"]
[BlackFideId "14634058"]
[EventDate "2022.12.16"]

1. Nf3 Nf6 2. c4 c5 3. Nc3 Nc6 4. d4 cxd4 5. Nxd4 e6 6. g3 Bb4 7. Bg2 O-O 8. O-O
Bxc3 9. bxc3 d5 10. cxd5 Nxd4 11. cxd4 exd5 12. Bg5 Be6 13. Qb3 b6 14. e3 Rc8
15. Bxf6 gxf6 16. Rfc1 Qd6 17. Bf1 Rc7 18. Ba6 Rd8 19. Rxc7 Qxc7 20. Qb2 Rd6 21.
Bb5 Qb7 22. Rc1 Rd8 23. Qa3 a5 24. Kg2 Rc8 25. Rc3 Kg7 26. Qc1 Rxc3 27. Qxc3 Qe7
28. h4 Qd6 29. Kf1 Bg4 30. Ke1 Qe6 31. Bd3 Bf3 32. Bf1 Qe7 33. Kd2 Qb7 34. Kc1
b5 35. Qxa5 b4 36. Qc5 Be4 37. Kb2 Bf3 38. Qb5 Qe7 39. Kb3 Bd1+ 40. Kb2 Qc7 41.
Qd3 Ba4 42. Be2 h6 43. Qd2 Qb6 44. Bd1 Bd7 45. Bb3 Be6 46. Qc2 Qb5 47. Ba4 Qb6
48. Kb3 Bg4 49. Qd2 h5 50. Qxb4 Bd1+ 51. Ka3 Qa7 52. Qb5 Bc2 53. Kb4 Qe7+ 54.
Kc3 Be4 55. Qc5 Qb7 56. Bb3 Qd7 57. Kb2 Qf5 58. Ka3 Qxf2 59. Bxd5 Qxe3+ 60. Bb3
Qxg3 61. d5 Qe5 62. Kb4 Qb8+ 63. Kc3 Bg6 64. d6 Be4 65. Qg1+ Kf8 66. Qd4 Qc8+
67. Kb2 Bc6 68. Qxf6 Qd7 69. Qh8# 1-0

[Event "European Blitz 2022"]
[Site "Katowice POL"]
[Date "2022.12.16"]
[Round "17.74"]
[White "Sliwicka, Alicja"]
[Black "Cyfka, Karina"]
[Result "1-0"]
[WhiteTitle "WIM"]
[BlackTitle "IM"]
[WhiteElo "2284"]
[BlackElo "2348"]
[WhiteFideId "1150677"]
[BlackFideId "1122681"]
[EventDate "2022.12.16"]

1. e4 e5 2. Nf3 Nc6 3. Bb5 a6 4. Ba4 Nf6 5. d3 b5 6. Bb3 Be7 7. a4 b4 8. Nbd2
O-O 9. Nc4 d6 10. a5 Bg4 11. Be3 d5 12. exd5 Nxd5 13. O-O Bf6 14. h3 Bh5 15. Ba4
Nd4 16. g4 Bg6 17. Nxd4 exd4 18. Bd2 c5 19. Qf3 Nc7 20. Qg2 h6 21. f4 Bh7 22.
Rae1 Rb8 23. g5 hxg5 24. fxg5 Be7 25. Bf4 Bg6 26. Ne5 Ne6 27. Nxg6 fxg6 28. Bb3
Kh8 29. Bxe6 Bd6 30. Qg4 Rxf4 31. Rxf4 1-0

[Event "European Blitz 2022"]
[Site "Katowice POL"]
[Date "2022.12.16"]
[Round "17.75"]
[White "Marczuk, Dominik"]
[Black "Orzech, Dominik"]
[Result "1/2-1/2"]
[WhiteTitle "FM"]
[BlackTitle "IM"]
[WhiteElo "2253"]
[BlackElo "2313"]
[WhiteFideId "1111264"]
[BlackFideId "1115065"]
[EventDate "2022.12.16"]

1. c4 Nf6 2. g3 g6 3. Bg2 Bg7 4. Nc3 O-O 5. e4 c5 6. Nge2 Nc6 7. O-O Ne8 8. a3
a5 9. d3 Nc7 10. Be3 Ne6 11. Rb1 d6 12. Nb5 Ncd4 13. Nbxd4 cxd4 14. Bd2 a4 15.
f4 Nc5 16. Bb4 Nb3 17. Nc1 Nc5 18. e5 Qc7 19. exd6 Qxd6 20. Qf3 Rb8 21. Qd5 b6
22. b3 Bd7 23. Qxd6 exd6 24. bxa4 Bxa4 25. Rb2 Rfe8 26. Kf2 Re3 27. Bxc5 dxc5
28. Re1 h5 29. Ree2 h4 30. Be4 Bf6 31. Rb1 Rxe2+ 32. Nxe2 hxg3+ 33. hxg3 Kg7 34.
Rb2 Bd8 35. Ng1 Bc7 36. Nf3 Rh8 37. Kg2 Bd1 38. Rb1 Bc2 39. Rc1 Ba4 40. Rh1 Re8
41. Re1 Bc2 42. Re2 Bd1 43. Rd2 Ba4 44. Kf2 Bd7 45. Bd5 Re3 46. Be4 f5 47. Bd5
Ba4 48. Ne1 g5 49. Re2 gxf4 50. gxf4 Bxf4 51. Ng2 Rxe2+ 52. Kxe2 Bc1 53. Nh4 Kf6
54. Bg2 Bxa3 55. Bh3 Bd7 56. Ng2 Bc1 57. Ne1 b5 58. cxb5 Bxb5 59. Nc2 Bb2 60.
Bg2 Ke5 61. Bf3 Bc3 62. Bg2 Kf4 63. Bd5 Kg3 64. Na3 Be8 65. Nc4 Bh5+ 66. Kf1 f4
67. Ne5 f3 68. Nd7 Bb4 69. Nf6 Bg4 70. Nxg4 Kxg4 71. Kf2 Kf4 72. Bxf3 Ke5 73.
Ke2 Kd6 74. Bh5 Kc7 75. Bf7 Kb6 76. Bc4 Ka5 77. Kd1 Ka4 78. Kc2 Ka3 79. Bd5 1/2-1/2

[Event "European Blitz 2022"]
[Site "Katowice POL"]
[Date "2022.12.16"]
[Round "17.76"]
[White "Walter, Szymon"]
[Black "Povilaitis, Tomas"]
[Result "1-0"]
[WhiteTitle "FM"]
[WhiteElo "2327"]
[BlackElo "2038"]
[WhiteFideId "1172590"]
[BlackFideId "12811700"]
[EventDate "2022.12.16"]

1. e4 c5 2. Nc3 Nc6 3. f4 g6 4. Nf3 Bg7 5. Bb5 Nd4 6. O-O a6 7. Bc4 e6 8. d3 b5
9. Bb3 Ne7 10. Nxd4 Bxd4+ 11. Kh1 Bb7 12. a4 Qb6 13. axb5 axb5 14. Rxa8+ Bxa8
15. Ne2 Bg7 16. Ng3 d5 17. f5 Be5 18. f6 Bxg3 19. hxg3 Nc8 20. exd5 exd5 21.
Qe1+ Kd7 22. Qe5 Qd6 23. Qg5 h6 24. Qg4+ Qe6 25. Qf3 h5 26. Bg5 Nd6 27. Ra1 Qf5
28. Bf4 h4 29. Ra7+ Nb7 30. g4 Qe6 31. Bxd5 Qe1+ 32. Kh2 h3 33. Bc6+ Ke6 34.
Bd5+ Kd7 35. gxh3 Qb1 36. Bc6+ Ke6 37. Qd5+ Kxf6 38. Qe5# 1-0

[Event "European Blitz 2022"]
[Site "Katowice POL"]
[Date "2022.12.16"]
[Round "17.77"]
[White "Ulasevich, Sergei"]
[Black "Baum, Jonasz"]
[Result "1-0"]
[WhiteTitle "CM"]
[BlackTitle "IM"]
[WhiteElo "2236"]
[BlackElo "2420"]
[WhiteFideId "13505629"]
[BlackFideId "1195360"]
[EventDate "2022.12.16"]

1. e4 e6 2. d4 d5 3. Nd2 c5 4. Ngf3 cxd4 5. Nxd4 Nc6 6. Bb5 Bd7 7. Nxc6 bxc6 8.
Bd3 Bd6 9. Qe2 e5 10. c4 d4 11. O-O Ne7 12. f4 Ng6 13. f5 Nf8 14. Nf3 f6 15. Nh4
c5 16. Qh5+ Ke7 17. Qg4 Rg8 18. Bd2 Rb8 19. b3 Be8 20. Rac1 Bf7 21. Qd1 Nd7 22.
Qc2 Nb6 23. b4 Nd7 24. b5 Bc7 25. Rb1 Ba5 26. Nf3 Bxd2 27. Qxd2 Nb6 28. Rfc1 Kd6
29. Qc2 Qf8 30. a4 g6 31. a5 Nd7 32. Qe2 g5 33. Nd2 h5 34. Nb3 g4 35. Qd2 h4 36.
a6 Rb6 37. Na5 Qg7 38. Nc6 Ra8 39. Qa5 g3 40. h3 Qg5 41. Re1 Qf4 42. Rb2 Bh5 43.
Nxa7 Rxa7 44. Ra2 Bf7 45. Rc2 Qg5 46. Ra2 Qg8 47. Rc2 Qb8 48. Qa4 Nf8 49. Qa5
Nd7 50. Qd2 Qg8 51. Qa5 Rb8 52. Rb1 Nb6 53. Rbc1 Qg5 54. Qe1 Na4 55. Rb1 Nb6 56.
Rbc1 Re7 57. Qe2 Na4 58. Qd1 Kc7 59. Qe1 Nb6 60. Re2 Ra8 61. Qa5 Ra7 62. Qa3 Kd6
63. Qa5 Qxc1+ 64. Re1 Qxe1+ 65. Qxe1 Kc7 66. Qa5 Rd7 67. Qa3 Kd6 68. Qa5 Kc7 69.
Qa3 Kd6 70. Qa5 Kc7 71. Qa3 Kd6 72. Qa5 1-0

[Event "European Blitz 2022"]
[Site "Katowice POL"]
[Date "2022.12.16"]
[Round "17.78"]
[White "Szczurek, Krzysztof"]
[Black "Kulon, Klaudia"]
[Result "1-0"]
[WhiteTitle "FM"]
[BlackTitle "IM"]
[WhiteElo "2163"]
[BlackElo "2274"]
[WhiteFideId "1185489"]
[BlackFideId "1131044"]
[EventDate "2022.12.16"]

1. e4 e5 2. Nf3 Nc6 3. Bc4 Nf6 4. d3 h6 5. c3 d6 6. Bb3 g6 7. Nbd2 Bg7 8. h3 O-O
9. Nf1 Nh5 10. g4 Nf4 11. Bxf4 exf4 12. Qd2 Na5 13. Qxf4 Nxb3 14. axb3 d5 15. e5
f6 16. exf6 Rxf6 17. Qg3 Qf8 18. N1d2 Qe8+ 19. Kd1 c5 20. Kc2 Bd7 21. Rhe1 Qf8
22. Ne5 Be8 23. Re2 a5 24. h4 Rb6 25. Qf3 Qxf3 26. Nexf3 Bd7 27. Rg1 a4 28. bxa4
Rxa4 29. Re7 Bxg4 30. Ne5 Bf5 31. Nd7 Rb5 32. Ne5 Kf8 33. Rf7+ Kg8 34. Re7 Ra6
35. Ndf3 c4 36. Nd4 cxd3+ 37. Nxd3 Bxd4 38. cxd4 Ra2 39. Rge1 Rbxb2+ 40. Kc3
Rc2+ 41. Kb3 Bxd3 42. Re8+ Kf7 43. R8e7+ Kf6 44. R1e6+ Kf5 45. Re5+ Kg4 1-0

[Event "European Blitz 2022"]
[Site "Katowice POL"]
[Date "2022.12.16"]
[Round "17.79"]
[White "Paszewski, Mateusz"]
[Black "Pidluznij, Gleb"]
[Result "0-1"]
[WhiteTitle "FM"]
[WhiteElo "2282"]
[BlackElo "2159"]
[WhiteFideId "1141058"]
[BlackFideId "12817082"]
[EventDate "2022.12.16"]

1. Nf3 d5 2. g3 Nf6 3. Bg2 Bf5 4. c4 e6 5. Qb3 Qc8 6. cxd5 exd5 7. O-O c6 8. Nc3
Be7 9. d3 O-O 10. Qc2 h6 11. e4 dxe4 12. dxe4 Bh7 13. h3 Nbd7 14. Be3 Bc5 15.
Nd4 Re8 16. Rfe1 Qc7 17. Rad1 Rad8 18. Bf4 Qc8 19. Qb3 Ne5 20. Be3 Ned7 21. Qc2
Qc7 22. Bf4 Ne5 23. Nb3 Bd6 24. Kh2 Qe7 25. Nd4 Bc7 26. Nf5 Qf8 27. Rxd8 Rxd8
28. Rd1 Bxf5 29. exf5 Rxd1 30. Qxd1 Qe7 31. Qd4 b6 32. g4 c5 33. Qe3 Nexg4+ 34.
hxg4 Nxg4+ 0-1

[Event "European Blitz 2022"]
[Site "Katowice POL"]
[Date "2022.12.16"]
[Round "17.80"]
[White "Pacuszka, Tomasz"]
[Black "Kruckenhauser, Arthur"]
[Result "1/2-1/2"]
[WhiteTitle "FM"]
[BlackTitle "FM"]
[WhiteElo "2186"]
[BlackElo "2339"]
[WhiteFideId "1119036"]
[BlackFideId "1642812"]
[EventDate "2022.12.16"]

1. g3 c5 2. Bg2 Nc6 3. d3 g6 4. c3 Bg7 5. h3 e6 6. Nf3 Nge7 7. O-O O-O 8. Nbd2
b6 9. e4 Bb7 10. Re1 b5 11. Qc2 b4 12. c4 a5 13. Rb1 a4 14. Qd1 Nd4 15. Nxd4
Bxd4 16. Nf3 Bg7 17. Bg5 Re8 18. Qd2 Qc7 19. Bh6 Bh8 20. Bf4 Qb6 21. h4 Nc6 22.
h5 Nd4 23. Nxd4 Bxd4 24. Be3 Bh8 25. Qd1 a3 26. b3 Bc3 27. Rf1 Rac8 28. Bf3 d5
29. Kg2 dxe4 30. dxe4 Rcd8 31. Qc2 Qc6 32. Qe2 Bd4 33. Bg5 Rd7 34. Rh1 Bg7 35.
Rbd1 h6 36. Be3 g5 37. Rxd7 Qxd7 38. Rd1 Qc6 39. e5 Qxf3+ 40. Qxf3 Bxf3+ 41.
Kxf3 Rc8 42. Ke4 Rc7 43. f4 gxf4 44. gxf4 Bf8 45. f5 exf5+ 46. Kxf5 Kh7 47. Rd8
Bg7 48. Rd5 Bf8 49. Rd8 Bg7 50. Rd5 Bf8 51. Rd8 1/2-1/2

[Event "European Blitz 2022"]
[Site "Katowice POL"]
[Date "2022.12.16"]
[Round "17.81"]
[White "Hulka, Valentyn"]
[Black "Berend, Elvira"]
[Result "1-0"]
[WhiteTitle "CM"]
[BlackTitle "WGM"]
[WhiteElo "2222"]
[BlackElo "2318"]
[WhiteFideId "34107061"]
[BlackFideId "4000510"]
[EventDate "2022.12.16"]

1. e4 c5 2. Be2 Nc6 3. f4 e6 4. Nf3 d5 5. d3 Be7 6. O-O Rb8 7. c3 dxe4 8. dxe4
Nf6 9. e5 Nd5 10. a3 b5 11. c4 bxc4 12. Bxc4 O-O 13. Qe2 Na5 14. Rd1 Qb6 15.
Bxd5 exd5 16. Nc3 d4 17. Nd5 Qb7 18. Nxe7+ Qxe7 19. b4 Nc6 20. bxc5 Qxc5 21. Qf2
Bb7 22. Bb2 Rfd8 23. Nxd4 Nxd4 24. Bxd4 Qd5 25. h3 a6 26. f5 Qe4 27. Rd2 Bc6 28.
Kh2 Rb1 29. Rxb1 Qxb1 30. e6 Qe4 31. Qg3 g6 32. exf7+ Kxf7 33. fxg6+ hxg6 34.
Rf2+ Kg8 35. Ba1 Rf8 36. Qc7 1-0